000 00477nam a2200181Ia 4500
005 20250423101315.0
008 250422s9999 xx 000 0 und d
020 _a0-582-42177-2
050 _aPZ 7 .C66 L37/
100 _aCooper, James Fenimore, 1789-1851
245 4 _aThe last of the Mohicans
260 _aHarlow, Essex
260 _bPearson
260 _c2000
300 _a40 p
650 _aEnglish language -- Study and teaching Readers - Level 2
942 _cBK
999 _c35922
_d35922